00625nam a2200157 i 450000100060000000300090000600700030001500800410001810000290005924501030008826000730019130000360026485200310030099900170033195201190034872784ES-MaACLt|040903s1936 sp ||||1| spa d1 aGoetze, Raimundo.95758010aElementos de física matemática / cpor Raimundo Goetze ; versión española del mismo autor. aBarcelona : bLabor, c1936 (fImp. Elzeviviana y Librería Camí) aXIII, 301 p. : bil. ; c23 cm. aES-MaACLjB-9823 bR.19498 c72784d72784 00104070aATENEOMbATENEOMcSPBd2008-01-17eSCl0oB-9823p1076192r2023-02-23 00:00:00w2023-02-23yMONOGRAFIA